Đang tải...

Annual Report - 1997

Chi tiết về thư mục
Tác giả chính: APO
Định dạng: Printed Book
Được phát hành: Asian Productivity Organization: Japan 1997
Những chủ đề:
LEADER 00541nam a2200193 4500
020 |a 9283315227 
082 |a 658.5 APO-A 
100 |a APO 
245 |a Annual Report - 1997  |c APO 
250
260 |a Asian Productivity Organization: Japan  |c 1997 
300 |a 72 p 
490
500
590 |b Gift 
650 |a Production and operations management--Product management 
942 |c BK 
999 |c 137276  |d 137276 
952 |0 0  |1 0  |4 0  |6 658_500000000000000_APOA  |7 0  |9 150736  |a IMK  |b IMK  |l 0  |o 658.5 APO-A  |p IMK04282  |r 2019-10-25  |w 2019-10-25  |y BK